<?xml version="1.0" encoding="UTF-8"?>
<collection xmlns="http://www.loc.gov/MARC21/slim">
 <record>
  <leader>05457nam a22005895i 4500</leader>
  <controlfield tag="001">978-1-4020-6510-1</controlfield>
  <controlfield tag="003">DE-He213</controlfield>
  <controlfield tag="005">20210616052035.0</controlfield>
  <controlfield tag="007">cr nn 008mamaa</controlfield>
  <controlfield tag="008">100301s2008    ne |    s    |||| 0|eng d</controlfield>
  <datafield tag="020" ind1=" " ind2=" ">
   <subfield code="a">9781402065101</subfield>
   <subfield code="9">978-1-4020-6510-1</subfield>
  </datafield>
  <datafield tag="024" ind1="7" ind2=" ">
   <subfield code="a">10.1007/978-1-4020-6510-1</subfield>
   <subfield code="2">doi</subfield>
  </datafield>
  <datafield tag="050" ind1=" " ind2="4">
   <subfield code="a">QH75-77</subfield>
  </datafield>
  <datafield tag="072" ind1=" " ind2="7">
   <subfield code="a">RNK</subfield>
   <subfield code="2">bicssc</subfield>
  </datafield>
  <datafield tag="072" ind1=" " ind2="7">
   <subfield code="a">NAT011000</subfield>
   <subfield code="2">bisacsh</subfield>
  </datafield>
  <datafield tag="072" ind1=" " ind2="7">
   <subfield code="a">RNK</subfield>
   <subfield code="2">thema</subfield>
  </datafield>
  <datafield tag="082" ind1="0" ind2="4">
   <subfield code="a">333.72</subfield>
   <subfield code="2">23</subfield>
  </datafield>
  <datafield tag="245" ind1="1" ind2="0">
   <subfield code="a">Legitimacy in European Nature Conservation Policy</subfield>
   <subfield code="h">[electronic resource] :</subfield>
   <subfield code="b">Case Studies in Multilevel Governance /</subfield>
   <subfield code="c">edited by Jozef Keulartz, Gilbert Leistra.</subfield>
  </datafield>
  <datafield tag="250" ind1=" " ind2=" ">
   <subfield code="a">1st ed. 2008.</subfield>
  </datafield>
  <datafield tag="264" ind1=" " ind2="1">
   <subfield code="a">Dordrecht :</subfield>
   <subfield code="b">Springer Netherlands :</subfield>
   <subfield code="b">Imprint: Springer,</subfield>
   <subfield code="c">2008.</subfield>
  </datafield>
  <datafield tag="300" ind1=" " ind2=" ">
   <subfield code="a">XVI, 284 p.</subfield>
   <subfield code="b">online resource.</subfield>
  </datafield>
  <datafield tag="336" ind1=" " ind2=" ">
   <subfield code="a">text</subfield>
   <subfield code="b">txt</subfield>
   <subfield code="2">rdacontent</subfield>
  </datafield>
  <datafield tag="337" ind1=" " ind2=" ">
   <subfield code="a">computer</subfield>
   <subfield code="b">c</subfield>
   <subfield code="2">rdamedia</subfield>
  </datafield>
  <datafield tag="338" ind1=" " ind2=" ">
   <subfield code="a">online resource</subfield>
   <subfield code="b">cr</subfield>
   <subfield code="2">rdacarrier</subfield>
  </datafield>
  <datafield tag="347" ind1=" " ind2=" ">
   <subfield code="a">text file</subfield>
   <subfield code="b">PDF</subfield>
   <subfield code="2">rda</subfield>
  </datafield>
  <datafield tag="490" ind1="1" ind2=" ">
   <subfield code="a">The International Library of Environmental, Agricultural and Food Ethics,</subfield>
   <subfield code="x">1570-3010 ;</subfield>
   <subfield code="v">14</subfield>
  </datafield>
  <datafield tag="505" ind1="0" ind2=" ">
   <subfield code="a">European Nature Conservation Policy Making -- Protected Species -- Wintering Geese in the Netherlands -- Vindicating Arrogant Ecologists -- Legitimacy of Species Management -- Animal Governance: The Cormorant Case -- Protected Areas -- Legitimacy Problems in Spanish Nature Policy -- How to Deal with Legitimacy in Nature Conservation Policy? -- Resistance to Top-Down Conservation Policy and the Search for New Participatory Models -- Visions and Scales of Nature and Society in Nature Management -- Creation of a Bottom–Up Nature Conservation Policy in Poland -- Nature Conservation in Poland and the Netherlands -- Conservation in Context: A View from below -- Towards Governance and Procedural Legitimacy? -- Countries -- Endangered Legitimacy -- Nature Policy in Flanders -- Between European Injunction and Local Consultation -- The Local Implementation of Nature Policy -- Legitimacy of Biodiversity Policies in a Multi-level Setting -- Are Conflicts of Nature Distributive Conflicts? -- Conclusions -- European Union Environmental Policy and Natura 2000.</subfield>
  </datafield>
  <datafield tag="520" ind1=" " ind2=" ">
   <subfield code="a">This volume focuses on the issue of legitimacy in the context of European nature conservation policy. It provides insights in the way in which democratic legitimacy is being ‘produced’ at different levels of governance. Building forth upon recent developments in democracy theory that have identified multiple forms of legitimacy, the volume observes a EU-wide shift from output legitimacy to input and throughput legitimacy. Top down policy making is increasingly meeting local resistance. As a result, the importance for policy makers of enhancing the democratic legitimacy of their policy plans has increased. The popularity of deliberative decision-making procedures can be seen as a procedural answer to this state of affairs. For this volume scholars from within the EU were invited to reflect upon the question whether similar developments are taking place in the context with which they are most familiar. Do they perceive a delegitimation of top down policy making and hence an increasing emphasis on procedural legitimacy in processes of nature conservation policy implementation? Which model of democratic decision-making is most helpful to solve the issue of legitimacy in the field of nature conservation policy? How important are national traditions and institutions? What are the tradeoffs between the different types of legitimacy? Nine case studies are presented: two case studies on protected species (geese in the Netherlands, and the great cormorant in Denmark, France and Italy), four case studies that zoom in on specific protected areas (in Spain, Finland, Poland and the UK), and three case studies with a focus on the implementation of Natura 2000 at the country level (Belgium, France and Germany). These case studies are followed by extensive comments.</subfield>
  </datafield>
  <datafield tag="650" ind1=" " ind2="0">
   <subfield code="a">Nature conservation.</subfield>
  </datafield>
  <datafield tag="650" ind1=" " ind2="0">
   <subfield code="a">Political science.</subfield>
  </datafield>
  <datafield tag="650" ind1=" " ind2="0">
   <subfield code="a">Political philosophy.</subfield>
  </datafield>
  <datafield tag="650" ind1=" " ind2="0">
   <subfield code="a">Regional planning.</subfield>
  </datafield>
  <datafield tag="650" ind1=" " ind2="0">
   <subfield code="a">Urban planning.</subfield>
  </datafield>
  <datafield tag="650" ind1=" " ind2="0">
   <subfield code="a">Biodiversity.</subfield>
  </datafield>
  <datafield tag="650" ind1="1" ind2="4">
   <subfield code="a">Nature Conservation.</subfield>
   <subfield code="0">https://scigraph.springernature.com/ontologies/product-market-codes/U26008</subfield>
  </datafield>
  <datafield tag="650" ind1="2" ind2="4">
   <subfield code="a">Political Science.</subfield>
   <subfield code="0">https://scigraph.springernature.com/ontologies/product-market-codes/911000</subfield>
  </datafield>
  <datafield tag="650" ind1="2" ind2="4">
   <subfield code="a">Political Philosophy.</subfield>
   <subfield code="0">https://scigraph.springernature.com/ontologies/product-market-codes/E37000</subfield>
  </datafield>
  <datafield tag="650" ind1="2" ind2="4">
   <subfield code="a">Landscape/Regional and Urban Planning.</subfield>
   <subfield code="0">https://scigraph.springernature.com/ontologies/product-market-codes/J15000</subfield>
  </datafield>
  <datafield tag="650" ind1="2" ind2="4">
   <subfield code="a">Biodiversity.</subfield>
   <subfield code="0">https://scigraph.springernature.com/ontologies/product-market-codes/L19031</subfield>
  </datafield>
  <datafield tag="700" ind1="1" ind2=" ">
   <subfield code="a">Keulartz, Jozef.</subfield>
   <subfield code="e">editor.</subfield>
   <subfield code="4">edt</subfield>
   <subfield code="4">http://id.loc.gov/vocabulary/relators/edt</subfield>
  </datafield>
  <datafield tag="700" ind1="1" ind2=" ">
   <subfield code="a">Leistra, Gilbert.</subfield>
   <subfield code="e">editor.</subfield>
   <subfield code="4">edt</subfield>
   <subfield code="4">http://id.loc.gov/vocabulary/relators/edt</subfield>
  </datafield>
  <datafield tag="710" ind1="2" ind2=" ">
   <subfield code="a">SpringerLink (Online service)</subfield>
  </datafield>
  <datafield tag="773" ind1="0" ind2=" ">
   <subfield code="t">Springer Nature eBook</subfield>
  </datafield>
  <datafield tag="776" ind1="0" ind2="8">
   <subfield code="i">Printed edition:</subfield>
   <subfield code="z">9789048176557</subfield>
  </datafield>
  <datafield tag="776" ind1="0" ind2="8">
   <subfield code="i">Printed edition:</subfield>
   <subfield code="z">9789048115242</subfield>
  </datafield>
  <datafield tag="776" ind1="0" ind2="8">
   <subfield code="i">Printed edition:</subfield>
   <subfield code="z">9781402065095</subfield>
  </datafield>
  <datafield tag="830" ind1=" " ind2="0">
   <subfield code="a">The International Library of Environmental, Agricultural and Food Ethics,</subfield>
   <subfield code="x">1570-3010 ;</subfield>
   <subfield code="v">14</subfield>
  </datafield>
  <datafield tag="856" ind1="4" ind2="0">
   <subfield code="u">https://doi.org/10.1007/978-1-4020-6510-1</subfield>
  </datafield>
  <datafield tag="912" ind1=" " ind2=" ">
   <subfield code="a">ZDB-2-EES</subfield>
  </datafield>
  <datafield tag="912" ind1=" " ind2=" ">
   <subfield code="a">ZDB-2-SXEE</subfield>
  </datafield>
  <datafield tag="950" ind1=" " ind2=" ">
   <subfield code="a">Earth and Environmental Science (SpringerNature-11646)</subfield>
  </datafield>
  <datafield tag="950" ind1=" " ind2=" ">
   <subfield code="a">Earth and Environmental Science (R0) (SpringerNature-43711)</subfield>
  </datafield>
 </record>
</collection>
